000 00331nam a2200121Ia 4500
005 20260326100045.0
008 260326s9999||||xx |||||||||||||| ||und||
100 _aThe Japan Foundation
245 0 _aLa Arquitectura Japonesa /
_cThe Japan Foundation
260 _bThe Japan Foundation
650 _aARQUITECTURA REGIONAL
942 _cBK
999 _c7155
_d7155